| 000 | 00963cam a2200301 i 4500 | ||
|---|---|---|---|
| 999 |
_c200442200 _d60412 |
||
| 003 | TR-AnTOB | ||
| 005 | 20220526170656.0 | ||
| 007 | ta | ||
| 008 | 840608s1962 ge a 000 0 ger | ||
| 010 | _a 63042199 | ||
| 035 | _a(TR-AnTOB) | ||
| 040 |
_aDLC _beng _cCarP _erda _dDLC _dTR-AnTOB |
||
| 041 | 0 | _ager | |
| 050 | 0 | 4 |
_aTN831 _b.R36 1962 |
| 090 |
_aTN831 _b.R36 1962 |
||
| 100 | 1 |
_aRammler, Erich _eauthor _9131613 |
|
| 245 | 1 | 0 |
_aTechnologie und Chemie der Braunkohlenverwertung / _cHerausgegeben von Erich Rammler, undH. J. v. Alberti. |
| 264 | 1 |
_aLeipzig : _bDeutscher Verlag für Grundstoffindustrie, _c1962. |
|
| 300 |
_a624 pages : _billustrations ; _c23 cm |
||
| 336 |
_atext _btxt _2rdacontent |
||
| 337 |
_aunmediated _bn _2rdamedia |
||
| 338 |
_avolume _bnc _2rdacarrier |
||
| 650 | 0 |
_aLignite _9137126 |
|
| 700 | 1 |
_aAlberti, Hans Joachim von _eauthor _9137125 |
|
| 942 |
_2lcc _cBK |
||